000 00940cam a2200265 4500
001 M1924
008 090401t1995 xxu||||| |||| 00| 0 eng d
035 _a(Sirsi) u35308
041 _aeng
050 _a333.0076
090 _aRICS 1995/64A
110 _aRoyal Institution of Chartered Surveyors
_94900
245 _aAssessment of professional competence: general practice: valuation, property investment, management and agency and housing options only: candidates` guide and rules.
260 _aLondon
_bRICS
_c1995
300 _a15,10p. ; 30cm.
350 _a0
520 _aTitle cover: Guide and rules to the assessment of professional competence: general practice. July 1991 (revised January 1995).
650 _aAPC
_96216
650 _aAPC
_96216
650 _aGENERAL PRACTICE
650 _aPROPERTY INVESTMENT
690 _aMANAGEMENT-BUSINESS MANAGEMENT-PROFESSIONAL PRACTICE
942 _n0
948 _c04/03/1997
999 _c90090
_d90090